Uplatnenie hierarchie odpadového hospodárstva v hospodárskej praxi diplomová práca

Gespeichert in:
Bibliographische Detailangaben
1. Verfasser: Vaškovičová, Monika
Körperschaft: Podnikovohospodárska fakulta EU so sídlom v Košiciach. Katedra ekonómie
Weitere Verfasser: Stričík, Michal, 1969-
Format: Buch
Sprache:Slowakisch
Veröffentlicht: Košice 2023
Tags: Tag hinzufügen
Keine Tags, Fügen Sie das erste Tag hinzu!

MARC

LEADER 00000nbm a2200000 4500
001 0292913
005 20240827093118.6
041 0 |a slo 
044 |a SK 
245 1 0 |a Uplatnenie hierarchie odpadového hospodárstva v hospodárskej praxi  |b diplomová práca  |c Monika Vaškovičová ; školiteľ: Michal Stričík 
264 1 |a Košice  |c 2023 
300 |a 63 s. 
100 1 |a Vaškovičová, Monika 
700 1 |a Stričík, Michal, 1969- 
710 2 |a Podnikovohospodárska fakulta EU so sídlom v Košiciach. Katedra ekonómie